000 00916nam a22002177a 4500
999 _c13185
_d13185
003 AR-CdUCM
008 190411b ||||| |||| 00| 0 spa d
040 _aMUNICIPALIDAD PROVINCIAL DEL CUSCO
_cBIBLIOTECA MUNICIPAL DEL CUSCO
082 _aC / 331.833 /
_bIN43
110 _aComisión ára la reforma agraria y la vivienda
_931420
245 _aInforme sobre la vivienda en el Perú /
260 _aLima :
_bComisión ára la reforma agraria y la vivienda,
_c1958.
300 _a348 páginas ;
_c22 cm.
505 _aDe la administración nacional de la vivienda -- Del estimulo y ayuda a la actividad privada -- La vivienda hecha por el estado -- De la organización nacional de las cooperativas...
650 _aCooperativas.
_94787
650 _aVivienda.
_911844
650 _aAdministración de la vivienda.
_931421
650 _aAyuda privada.
_931422
942 _2ddc
_cLIBROS
945 _awfj
_d2019-04-11